000 00276 a2200109 4500
001 51053
040 _cAnchieta - Pituba
240 1 0 _aWas Kinder wissen wollen
_l
245 1 0 _aWas Kinder wissen wollen
650 4 _aLínguas germânicas (teutônicas) língua alemã
942 _cMX
999 _c51053
_d51053